000 00698nam a22002057a 4500
003 0
005 20250925094324.0
008 250925b xxu||||| |||| 00| 0 eng d
020 _a979-8-89161-470-3
050 _aHF 5415.7
_b.S74 2025
100 _aStewart, Jonah,
_eauthor.
245 _aIntroduction to logistics and supply chain management /
_cJonah Stewart.
260 _aJersey City, USA :
_bAlexis Press,
_c2025.
300 _ax, 308 pages :
_bcolored illustrations ;
_c27 cm.
504 _aIncludes bibliographical references and index.
650 _aBusiness logistics.
650 _aPhysical distribution of goods
_xManagement.
650 _aSupply chain management.
942 _2lcc
_cBK
999 _c368091
_d368091